000 00765nam a22002177a 4500
003 UA-OsUOA
001 82673
007 ta
008 20120315b un ||||| |||| 00| 0 ukr d
100 _aХотинская А.И.
090 _a81
_bХ85
942 _cSA
040 _aUA-OsUOA
_brus
_cUA-OsUOA
_dUA-OsUOA
245 _aАеглийский сенсационный риман как успешный коммерческий литературный проект 1860-х рр.
300 _aС.7-14
955 _a0
041 _arus
080 _a81
773 0 _w82671
_tВопросы филологических наук
_dМ.
_d2011
_g6
650 7 _a8 Мовознавство. Художня література. Літературознавство
_2UDC
999 _c368982
_d368982